| 000 | 00723nac a22002411u 4500 | ||
|---|---|---|---|
| 003 | EG-ScBUE | ||
| 005 | 20221211115409.0 | ||
| 008 | 100613q2004 ko ae f 000 0 eng d | ||
| 020 | _a8957700455 | ||
| 020 | _a8957700447 | ||
| 040 |
_aEG-ScBUE _beng _erda _cEG-ScBUE _dEG-ScBUE |
||
| 050 | _aa-ja--- | ||
| 082 | 0 | 4 |
_a720.952 _222 _bKIS |
| 100 | 1 |
_aKishi, Warō, _d1950- _eauthor. |
|
| 245 | 1 | 0 |
_aModern architect / _cWaro Kishi. |
| 264 | 1 |
_aSeoul, Korea : _bArchiworld, _c[2004?] |
|
| 300 |
_a215 pages : _bcolor illustrations, plans ; _c31 cm |
||
| 546 | _aText in English and Korean. | ||
| 650 | 7 |
_914658 _aArchitecture _y20th century _zJapan. _2BUEsh |
|
| 653 | _bENGARC | ||
| 655 | _vReading book | ||
| 942 |
_cBB _2ddc |
||
| 999 |
_c3534 _d3534 |
||